| 000 | 00500nmm a2200169Ia 4500 | ||
|---|---|---|---|
| 008 | 251105s9999||||xx |||||||||||||||||und|| | ||
| 041 | _acat | ||
| 100 | _aShimazaki, Aki | ||
| 245 | 0 | _aL'ombra del card | |
| 264 |
_a[Madrid, España] : _bNordica Libros, _c[Fecha de publicación no identificada] |
||
| 300 | _a0 páginas | ||
| 490 | _aOtras Latitudes | ||
| 700 | _aShimazaki, Aki | ||
| 700 | 1 | _a Vaqué Sánchez, Oriol | |
| 856 | _uhttps://public.digitaliapublishing.com/a/179849 | ||
| 942 | _cCF | ||
| 999 |
_c71386 _d71386 |
||